¿Inversión o pasión? : (Record no. 197448)

MARC details
000 -LEADER
campo de control de longitud fija 01297nam a2200337 i 4500
001 - NÚMERO DE CONTROL
campo de control 197448
003 - IDENTIFICADOR DE NÚMERO DE CONTROL
campo de control ES-MaACL
005 - FECHA Y HORA DE LA ÚLTIMA TRANSACCIÓN
campo de control 20250822063247.0
007 - CAMPO FIJO DE DESCRIPCIÓN FÍSICA--INFORMACIÓN GENERAL
campo de control de longitud fija ta
008 - DATOS DE LONGITUD FIJA--INFORMACIÓN GENERAL
campo de control de longitud fija 250527s2024 sp ||| 000 0|spa c
017 ## - NÚMERO DE COPYRIGHT O DE DEPÓSITO LEGAL
Número de copyright o de depósito legal B 15420-2024
Agencia que asigna Oficina Depósito Legal Barcelona
020 ## - NÚMERO INTERNACIONAL ESTÁNDAR DEL LIBRO
Número Internacional Estándar del Libro 9788423437832
040 ## - FUENTE DE CATALOGACIÓN
Centro catalogador/agencia de origen BPVAL,
Lengua de catalogación spa
Centro/agencia transcriptor ES-MaACL
080 ## - NÚMERO DE LA CLASIFICACIÓN DECIMAL UNIVERSAL
Número de la Clasificación Decimal Universal 7.07: 339.166
100 1# - ENTRADA PRINCIPAL--NOMBRE DE PERSONA
Nombre de persona Sancho-Arroyo, María
9 (RLIN) 240791
Término indicativo de función/relación Autor
245 11 - MENCIÓN DEL TÍTULO
Título ¿Inversión o pasión? :
Resto del título una guía para navegar por el mercado del arte /
Mención de responsabilidad, etc. María Sancho-Arroyo.
250 ## - MENCION DE EDICION
Mención de edición Primera edición: octubre 2024
260 ## - PUBLICACIÓN, DISTRIBUCIÓN, ETC.
Lugar de publicación, distribución, etc. Barcelona :
Nombre del editor, distribuidor, etc. Deusto,
Fecha de publicación, distribución, etc. 2024.
300 ## - DESCRIPCIÓN FÍSICA
Extensión 205 páginas ;
Dimensiones 23 cm.
336 ## - TIPO DE CONTENIDO
Fuente rdacontent
Término de tipo de contenido texto
337 ## - TIPO DE MEDIO
Fuente rdamedia
Nombre/término del tipo de medio sin mediación
338 ## - TIPO DE SOPORTE
Fuente rdacarrier
Nombre/término del tipo de soporte volumen
650 #0 - PUNTO DE ACCESO ADICIONAL DE MATERIA--TÉRMINO DE MATERIA
Término de materia o nombre geográfico como elemento de entrada Obras de arte-
Subdivisión general Comercio
9 (RLIN) 240792
650 #7 - PUNTO DE ACCESO ADICIONAL DE MATERIA--TÉRMINO DE MATERIA
Término de materia o nombre geográfico como elemento de entrada Arte como inversión
Fuente del encabezamiento o término embne
9 (RLIN) 240793
852 ## - LOCALIZACIÓN
Ubicación ES-MaACL
Ubicación en estantería Depósito J
Número de control de estantería N-10495
Anotaciones manuscritas Dedicatoria autógrafa de la autora
Donativo/Legado Donación: María Sancho-Arroyo
Encuadernación Encuadernación rústica con solapas
itemnumber 206618
903 ## - NOMBRE PERSONAL DE DONANTE
9 240791
a Sancho-Arroyo, María
e Donante
942 ## - ELEMENTOS DE ENTRADA SECUNDARIOS (KOHA)
Tipo de ítem Koha Libro impreso
Suprimir en OPAC No
Holdings
Estatus retirado Estado de pérdida Fuente del sistema de clasificación o colocación Estado de daño No para préstamo Colección Biblioteca de origen Biblioteca actual Ubicación en estantería Fecha de adquisición Fuente de adquisición Total de préstamos Signatura topográfica completa Código de barras Visto por última vez Precio de reemplazo Tipo de ítem Koha
    Clasificación decimal universal     Libros con dedicatorias Biblioteca del Ateneo de Madrid Biblioteca del Ateneo de Madrid Depósito J 20/08/2025 Donación   N-10495 2025-0994 20/08/2025 20/08/2025 Libro impreso